Statystyki dla Miasta przy Drodze Krajowej nr 8

Kliknij tutaj aby rozwiązać quiz!

Ogólne statystyki

  • Ten quiz został rozwiązany 48 razy
  • Średni wynik to 20 z 36

Statystyki odpowiedzi

LudnośćWojewództwoMiasto% Poprawnych
1 790 658MazowieckieWarszawa
100%
643 782DolnośląskieWrocław
100%
297 585PodlaskieBiałystok
92%
73 090ŁódzkiePiotrków Trybunalski
82%
69 758PodlaskieSuwałki
82%
61 960ŁódzkieTomaszów Mazowiecki
77%
26 742DolnośląskieKłodzko
72%
37 109DolnośląskieOleśnica
69%
17 324ŁódzkieRawa Mazowiecka
69%
41 686ŁódzkieZduńska Wola
67%
30 152PodlaskieAugustów
64%
22 399MazowieckieOstrów Mazowiecka
64%
22 173PodlaskieZambrów
64%
41 953ŁódzkieSieradz
62%
32 146MazowieckieMarki
59%
27 024MazowieckieWyszków
59%
9 886DolnośląskieKudowa-Zdrój
56%
6 409MazowieckieMszczonów
56%
10 381DolnośląskieSyców
54%
6 307DolnośląskiePolanica-Zdrój
51%
12 244MazowieckieRadzymin
51%
4 545DolnośląskieDuszniki-Zdrój
46%
2 196PodlaskieSuchowola
44%
37 138MazowieckieWołomin
44%
14 929DolnośląskieZąbkowice Śląskie
44%
2 553DolnośląskieBardo
33%
5 908PodlaskieChoroszcz
33%
2 963DolnośląskieNiemcza
33%
2 328ŁódzkieWolbórz
33%
22 777MazowieckieKobyłka
31%
3 363ŁódzkieZłoczew
31%
3 371ŁódzkieRzgów
28%
5 130DolnośląskieSzczytna
28%
17 528MazowieckieZielonka
28%
22 619MazowieckiePiastów
26%
7 255ŁódzkieTuszyn
26%

Rozkład punktacji

Percentyl według liczby udzielonych odpowiedzi

Procent ludzi z każdym wynikiem

Twoja historia wyników

Nie rozwiązałeś tego quizu